000 00549nam a2200169Ia 4500
003 GCL
008 140319s9999 xx 000 0 ara d
040 _aGCL /
_cGCL
082 0 4 _a811.72
_bا د
100 1 _aابن اسماعيل، تميم بن معد
245 1 0 _aديوان تميم بن المعز لدين الله الفاطمى /
_cابن اسماعيل، تميم بن معد
300 _a476 ص
490 _a
650 0 4 _aالادب العربى
650 0 4 _aالشعر العربى - دواوين وقصائد
942 _2ddc
_cBK
999 _c41528
_d41528